Pays : Champions de foot nationaux UEFA - Statistiques

Statistiques générales
  • Ce quiz a été pris 231 fois
    170 depuis la dernière actualisation
  • Le résultat moyen est 39 sur 58
Statistiques - réponses
Réponse % Correct
Allemagne
100%
France
100%
Espagne
93%
Portugal
93%
Suède
93%
Danemark
89%
Pays-Bas
89%
Belgique
88%
Ecosse
87%
Ukraine
87%
Angleterre
85%
Russie
85%
Turquie
85%
Croatie
83%
Grèce
82%
Italie
82%
Serbie
81%
Autriche
79%
Israël
78%
République Tchèque
78%
Finlande
77%
Islande
77%
Roumanie
77%
Suisse
74%
Bulgarie
72%
Chypre
70%
Slovaquie
68%
Albanie
66%
Norvège
66%
Lettonie
64%
Estonie
63%
Azerbaïdjan
62%
RDA
62%
URSS
62%
Irlande
61%
Moldavie
61%
Hongrie
60%
Tchécoslovaquie
60%
Kazakhstan
58%
Pologne
58%
Macédoine
57%
Yougoslavie
57%
Géorgie
56%
Luxembourg
55%
Kosovo
54%
Biélorussie
53%
Monténégro
52%
Slovénie
48%
Arménie
46%
Lituanie
45%
Andorre
42%
Bosnie-Herzégovine
42%
Pays de Galles
42%
Irlande du Nord
40%
Saint-Marin
39%
Iles Féroé
37%
Gibraltar
36%
Malte
29%
Aucun quiz correspondant
Distribution des résultats
% des personnes avec chaque résultat
Percentile par nombre de réponses
Votre historique - résultats
Vous n’avez pas pris ce quiz depuis la dernière actualisation